Juan Gris: correspondencia y escritos

I tiakina i:
Ngā taipitopito rārangi puna kōrero
Kaituhi matua: Jiménez-Blanco, María Dolores (Author)
Hōputu: Pukapuka
Reo:Pāniora
I whakaputaina: Barcelona Acantilado 2008
Putanga:1a. ed
Rangatū:El Acantilado, 169
Ngā marau:
Ngā Tūtohu: Tāpirihia he Tūtohu
Kāore He Tūtohu, Me noho koe te mea tuatahi ki te tūtohu i tēnei pūkete!

MARC

LEADER 00000cam a2200000 a 4500
001 UCC2973
003 CL-VaPUC
008 180329e20080500sp |||||||||||||||||spa|d
020 |a 9788496834484 
082 0 4 |a 759.4  |b JIM  |2 21 
100 0 |a Jiménez-Blanco, María Dolores  |e author  |9 596967 
245 1 0 |a Juan Gris: correspondencia y escritos 
250 |a 1a. ed 
300 |a 516 p 
942 |c BK 
945 |d 20180329 11:34:00  |a arojas 
260 |a Barcelona  |b Acantilado  |c 2008 
600 0 7 |a GRIS, JUAN  |2 CL-VaPUC  |9 265045 
650 0 |a Pintores franceses   |9 340354 
650 0 |a Pintura francesa  |9 266122 
650 0 |a Biografías  |9 255210 
650 0 |a Correspondencia  |9 258963 
583 |a last modification  |c 20180329 11:34:00  |k Rodrigo Vera 
490 0 |a El Acantilado, 169 
999 |c 370849  |d 370847 
952 |0 0  |1 0  |3 erb  |4 0  |6 759_400000000000000_JIM_2008  |7 0  |8 R  |9 487535  |a BIBART  |b BIBART  |i 545865K  |o 759.4 JIM 2008  |p 545865K  |r 2025-03-13  |w 2019-11-24  |y BK_R  |z Catalogado en:20180329  |k ART